LEADER 01573nam a2200301 4500 001 000000362655 003 CaOOAMICUS 005 20250505110834.0 008 250430s2020 it 000 u ita r 020 $a978-88-498-6383-3 040 $aSeMil$bita 100 1 $aNaro, Cataldo .$0(OLS)http://semarc/name/866 245 10$aCamminare con passo giovane :$blavoro culturale e servizio ecclesiale di una Facoltà Teologica /$cCataldo Naro ; a cura di Francesco Lomanto. 264 1$aSoveria Mannelli :$bRubbettino ;$aPalermo :$bPontificia Facoltà teologica di Sicilia,$c2020. 300 $a210 p. ;$c23 cm 490 1 $aStromata. Arazzi ;$v14 500 $aScritti in parte già pubblicati 650 4$aPalermo - Pontificia Facoltà teologica di Sicilia.$0(OLS)http://semarc/subject/57478 700 1 $aLomanto, Francesco,$d<1962- >.$0(OLS)http://semarc/name/87573 830 0$aStromata. Arazzi ;$v14.$0(OLS)http://semarc/title/453604 850 $aSeMil 852 $aSeMil$W1$xVenegono$y1$m3F III 888$j256432$B253556$CSeMilBibl$Z2$F253556 $81 961 $aVergottini Marco - Omaggio 996 $6020$a978-88-498-6383-3$9(OLS)http://semarc/number/303090 996 $6245$aCamminare con passo giovane :$blavoro culturale e servizio ecclesiale di una Facoltà Teologica$9(OLS)http://semarc/title/453603 996 $6264$aSoveria Mannelli :$bRubbettino$9(OLS)http://semarc/publisher/32145 996 $6264$aPalermo :$bPontificia Facoltà teologica di Sicilia$9(OLS)http://semarc/publisher/62335 LEADER 00607naa a2200157 i 4500 001 000000301612 003 CaOOAMICUS 005 20180831172725.0 008 180831n xx u000 u und u 013 $a9346 040 $aSeMil$bita 100 1 $aRouault, Isabelle.$0(OLS)http://semarc/name/86580 245 10$aPaul 6. et Georges Rouault. 600 14$aRouault, Georges <1871-1958>.$0(OLS)http://semarc/subject/17974 773 0 $tPaul 6. et l'art.$dBrescia : Istituto Paolo 6., 1989.$kPubblicazioni dell'Istituto Paolo 6.$z88-382-3595-3$w()35547 996 $6245$aPaul 6. et Georges Rouault$9(OLS)http://semarc/title/377605